000 01119cam a22002651i 4500
003 SA-RiAUC
005 20250915062555.0
008 250912s2004 sy g 00000bara c
040 _aSA-RiIMS
_bara
_cSA-RiAUC
_erda
082 0 4 _a924.1
_qSA-RiAUC
090 _a924.1
_bض ا م
100 1 _aالضامن، حاتم صالح،
_d1938-2013
_eمؤلف.
245 1 0 _aابن الأنباري أبو بكر محمد بن القاسم المتوفي سنة 328 هـ. :
_bسيرته ومؤلفاته /
_cحاتم صالح الضامن.
250 _aالطبعة الأولى.
264 1 _aدمشق :
_bدار البشائر،
_c2004.
300 _a144 صفحة ؛
_c24 سم
336 _aنص
_btxt
_2rdacontent
_3كتاب
337 _aبدون وسيط
_bn
_2rdamedia
338 _aمجلد
_bnc
_2rdacarrier
600 1 7 _aابن الأنباري، محمد بن القاسم بن محمد،
_d271-328 هجري
_2aucnm
650 7 _aاللغويون العرب
_vتراجم
_2aucsh
650 7 _aاللغة العربية
_vمتفرقات
_2aucsh
942 _2ddc
_cBOOK
_n0
949 _aSA-JeALM
_d250912
_umohamedma123
_n1
999 _c11742
_d11742